Manuale di Igiene / (Record no. 52850)

MARC details
000 -LEADER
campo de control de longitud fija 00459nam a2200157 i 4500
001 - NÚMERO DE CONTROL
campo de control 52850
003 - IDENTIFICADOR DE NÚMERO DE CONTROL
campo de control ES-MaACL
007 - CAMPO FIJO DE DESCRIPCIÓN FÍSICA--INFORMACIÓN GENERAL
campo de control de longitud fija t|
008 - DATOS DE LONGITUD FIJA--INFORMACIÓN GENERAL
campo de control de longitud fija 030905s1912 it ||||1| ita d
100 1# - ENTRADA PRINCIPAL--NOMBRE DE PERSONA
Nombre de persona Giaxa, Vincenzo de.
9 (RLIN) 56628
245 10 - MENCIÓN DEL TÍTULO
Título Manuale di Igiene /
Mención de responsabilidad, etc. Vincenzo de Giaxa.
250 ## - MENCION DE EDICION
Mención de edición 5ª ed.
260 ## - PUBLICACIÓN, DISTRIBUCIÓN, ETC.
Lugar de publicación, distribución, etc. Milano :
Nombre del editor, distribuidor, etc. Francesco Vallardi,
Fecha de publicación, distribución, etc. [1912] (
Fabricante Stabilimenti Riuniti d'Arti Grafiche)
300 ## - DESCRIPCIÓN FÍSICA
Extensión 3 v. :
Otras características físicas il. ;
Dimensiones 24 cm.
852 ## - LOCALIZACIÓN
Ubicación ES-MaACL
Número de control de estantería B-4976-78
Holdings
Estatus retirado Estado de pérdida Estado de daño No para préstamo Biblioteca de origen Biblioteca actual Ubicación en estantería Fecha de adquisición Fuente de adquisición Total de préstamos Signatura topográfica completa Código de barras Visto por última vez Precio de reemplazo Tipo de ítem Koha
        Biblioteca del Ateneo de Madrid Biblioteca del Ateneo de Madrid Sala Pardo Bazán 17/01/2008     B-4976-78 1055542 23/02/2023 23/02/2023 Libro impreso